Rolling Stones Songs - Sudden Death - Statistics

General Stats
  • This quiz has been taken 89 times
  • The average score is 9 of 20
Answers on the Grid
Answers color-coded by a green-red scale on the quiz's grid according to % correct below.
Paint It Black
Emotional Rescue
Miss You
Let's Spend The Night Together
Where Do You Go To My Lovely
Not Fade Away
Fantasy Island
The Zephyr Song
A Day In The Life
White Sugar
Harlem Shuffle
You Got Me Rocking
The Last Time
Little Red Rooster
Come Back And Shake Me
Come On
I Wanna Be Your Man
Undercover Of The Night
Heather Honey
Poor Man's Son
Fool To Cry
Stuck On You
Sympathy For The Devil
We Love You
It's All Over Now
Don't Stop
Dear Miss Lonely Hearts
Nineteenth Nervous Breakdown
Anyone Seen My Baby?
Tumbling Dice
 
Answer Stats
Answer % Correct
Paint It Black
97%
Sympathy For The Devil
79%
Let's Spend The Night Together
67%
Miss You
67%
Tumbling Dice
67%
Nineteenth Nervous Breakdown
58%
Emotional Rescue
53%
It's All Over Now
48%
Not Fade Away
48%
The Last Time
47%
Fool To Cry
42%
Little Red Rooster
42%
Harlem Shuffle
36%
Undercover Of The Night
36%
I Wanna Be Your Man
32%
You Got Me Rocking
29%
Anyone Seen My Baby?
24%
Come On
23%
We Love You
18%
Don't Stop
15%
No matching quizzes found
Score Distribution
Percent of People with Each Score
Percentile by Number Answered
Your Score History
You have not taken this quiz